La argentina: ¡un país a la deriva? desafíos y alternativas (1930 hasta la actualidad) /
Guardado en:
| Autor Principal: | |
|---|---|
| Formato: | Libro |
| Publicado: |
Buenos Aires :
Longseller,
2003
|
| Materias: | |
| Etiquetas: |
Agregar Etiqueta
Sin Etiquetas, Sea el primero en etiquetar este registro!
|
| LEADER | 00731nam a22001695a 4500 | ||
|---|---|---|---|
| 001 | CEM.cems018669 | ||
| 008 | 130507s2003##################000#0#####d | ||
| 005 | 20211202094533.0 | ||
| 003 | CEMS | ||
| 245 | 1 | 0 | |a La argentina: ¡un país a la deriva? desafíos y alternativas (1930 hasta la actualidad) / |c Julio Canessa ; gerardo Serrano y Vilma Paura |
| 260 | |a Buenos Aires : |b Longseller, |c 2003 | ||
| 300 | |a 113 p. | ||
| 505 | 0 | |a El rumbo de la política: entre la democracia y los golpes de Estado -- Estado, políticas y sectores económicos -- La cultura en una sociedad compleja -- | |
| 020 | |a 9879481798 | ||
| 100 | 1 | |a Canessa, Julio | |
| 600 | 1 | 4 | |a Serrano, Gerardo Paura, Vilma |
| 859 | |a CEMS |b BIB. CEMS - Agricultura |h 982 |i C221 |p A3028.18 |t Ej.1 | ||
